[Event "ROM-chT (Women)"]
[Site "Mamaia"]
[Date "2015.10.07"]
[Round "5.1"]
[White "Javakhishvili, Lela"]
[Black "Adoamnei, Roxana Antonela"]
[Result "1-0"]
[WhiteElo "2463"]
[BlackElo "1939"]
[PlyCount "53"]
[EventDate "2015.10.03"]
[EventType "team-tourn"]
[EventRounds "9"]
[EventCountry "ROU"]
[SourceTitle "CBM 168 Extra"]
[Source "ChessBase"]
[SourceDate "2015.10.29"]
[SourceVersion "1"]
[SourceVersionDate "2015.10.29"]
[SourceQuality "1"]
[WhiteTeam "Iasi Politehnica (W)"]
[BlackTeam "Arad University (W)"]
[WhiteTeamCountry "ROU"]
[BlackTeamCountry "ROU"]

1. d4 e6 2. c4 f5 3. Nc3 Bb4 4. e3 Nf6 5. Bd3 0-0 6. Nge2 b6 7. a3 Bxc3+ 8. Nxc3 Bb7 9. f3 d6 10. b3 Nh5 11. Qc2 Nd7 12. Bb2 a6 13. 0-0-0 g6 14. Rhe1 Qh4 15. g3 Qg5 16. f4 Qh6 17. e4 e5 18. dxe5 dxe5 19. exf5 exf4 20. g4 f3+ 21. Kb1 Nf4 22. Be4 Nc5 23. Bxb7 Nxb7 24. Ne4 g5 25. Qc3 Rad8 26. Qh8+ Kf7 27. Nxg5+ 1-0

[Event "ROM-chT (Women)"]
[Site "Mamaia"]
[Date "2015.10.03"]
[Round "1.1"]
[White "Adoamnei, Roxana Antonela"]
[Black "Atalik, Ekaterina"]
[Result "0-1"]
[WhiteElo "1939"]
[BlackElo "2384"]
[PlyCount "23"]
[EventDate "2015.10.03"]
[EventType "team-tourn"]
[EventRounds "9"]
[EventCountry "ROU"]
[SourceTitle "CBM 168 Extra"]
[Source "ChessBase"]
[SourceDate "2015.10.29"]
[SourceVersion "1"]
[SourceVersionDate "2015.10.29"]
[SourceQuality "1"]
[WhiteTeam "Arad University (W)"]
[BlackTeam "Timisoara Medicina (W)"]
[WhiteTeamCountry "ROU"]
[BlackTeamCountry "ROU"]

1. d4 d5 2. Nf3 Nf6 3. e3 c5 4. Be2 Nc6 5. 0-0 cxd4 6. exd4 Bg4 7. b3 e6 8. Bb2 Bd6 9. c4 Rc8 10. c5 Bb8 11. b4 0-0 12. a3 0-1

[Event "ROM-chT (Women)"]
[Site "Calimanesti"]
[Date "2014.11.10"]
[Round "3.4"]
[White "Adoamnei, Roxana Antonela"]
[Black "Craciun, Paula Iulia"]
[Result "0-1"]
[WhiteElo "1981"]
[BlackElo "2090"]
[PlyCount "88"]
[EventDate "2014.11.08"]
[EventType "team-tourn"]
[EventRounds "7"]
[EventCountry "ROU"]
[SourceTitle "EXT 2015"]
[Source "ChessBase"]
[SourceDate "2014.11.20"]
[SourceVersion "1"]
[SourceVersionDate "2014.11.20"]
[SourceQuality "1"]
[WhiteTeam "Arad University (W)"]
[BlackTeam "Lugoj (W)"]
[WhiteTeamCountry "ROU"]
[BlackTeamCountry "ROU"]

1. d4 Nf6 2. Nf3 c5 3. c4 g6 4. Nc3 Bg7 5. e4 cxd4 6. Nxd4 d6 7. Be2 0-0 8. Be3 b6 9. f3 Bb7 10. Qd2 Nc6 11. Nxc6 Bxc6 12. 0-0 Qb8 13. Rac1 Rd8 14. Rfd1 Rd7 15. Bd3 Qf8 16. Nd5 Rad8 17. b3 Bb7 18. a4 e6 19. Nxf6+ Bxf6 20. a5 bxa5 21. Qxa5 a6 22. Be2 d5 23. Bb6 Rc8 24. c5 Qh6 25. c6 Rxc6 26. Rxc6 Bxc6 27. Qxa6 Bb7 28. Qb5 Re7 29. Bd8 Bc6 30. Qxc6 Qe3+ 31. Kh1 Qxe2 32. Rc1 d4 33. Bxe7 Bxe7 34. Qc2 Qe3 35. Rd1 e5 36. Qd3 Qg5 37. g3 h5 38. Kg2 h4 39. g4 Qf6 40. Rc1 Qb6 41. Rc8+ Kg7 42. Qc4 Qa5 43. Qc2 Qe1 44. Qf2 h3+ 0-1

[Event "ROM-chT (Women)"]
[Site "Calimanesti"]
[Date "2014.11.08"]
[Round "1.4"]
[White "Atalik, Ekaterina"]
[Black "Adoamnei, Roxana Antonela"]
[Result "1-0"]
[WhiteElo "2409"]
[BlackElo "1981"]
[PlyCount "87"]
[EventDate "2014.11.08"]
[EventType "team-tourn"]
[EventRounds "7"]
[EventCountry "ROU"]
[SourceTitle "EXT 2015"]
[Source "ChessBase"]
[SourceDate "2014.11.20"]
[SourceVersion "1"]
[SourceVersionDate "2014.11.20"]
[SourceQuality "1"]
[WhiteTeam "Timisoara Medicina (W)"]
[BlackTeam "Arad University (W)"]
[WhiteTeamCountry "ROU"]
[BlackTeamCountry "ROU"]

1. d4 Nf6 2. c4 e6 3. Nc3 b6 4. e4 Bb4 5. Bd3 Bb7 6. f3 Bxc3+ 7. bxc3 d6 8. Ne2 Nbd7 9. 0-0 c5 10. d5 e5 11. Ng3 g6 12. Bh6 Qe7 13. a4 a5 14. Rb1 0-0-0 15. f4 Rde8 16. fxe5 Qxe5 17. Bg7 Rhg8 18. Bxf6 Nxf6 19. Rxb6 Nd7 20. Rb3 Re7 21. Rf2 h5 22. Rfb2 Ba6 23. Qb1 Kd8 24. Nf1 Bc8 25. Rf2 h4 26. Nd2 g5 27. Rf5 Qh8 28. e5 Nxe5 29. Rb8 Nd7 30. Ne4 Rxe4 31. Bxe4 Qxc3 32. Rb3 Qxc4 33. Rxf7 Qd4+ 34. Kh1 Re8 35. Rxd7+ Bxd7 36. Rb8+ Ke7 37. Rb7 Rd8 38. h3 Kf8 39. Bf5 Qxa4 40. Bxd7 Rxd7 41. Qf5+ Ke7 42. Qe6+ Kd8 43. Qg8+ Ke7 44. Qg7+ 1-0

[Event "ROM-ch (Women)"]
[Site "Targu Mures"]
[Date "2014.05.04"]
[Round "9"]
[White "Bulmaga, Irina"]
[Black "Adoamnei, Roxana Antonela"]
[Result "1/2-1/2"]
[WhiteElo "2375"]
[BlackElo "1987"]
[PlyCount "77"]
[EventDate "2014.04.26"]
[EventType "swiss"]
[EventRounds "9"]
[EventCountry "ROU"]
[SourceTitle "CBM 160 Extra"]
[Source "ChessBase"]
[SourceDate "2014.07.01"]
[SourceVersion "1"]
[SourceVersionDate "2014.07.01"]
[SourceQuality "1"]

1. e4 c6 2. d4 d5 3. Nc3 g6 4. h3 Bg7 5. Nf3 f6 6. Be2 Nh6 7. Be3 a6 8. 0-0 Nf7 9. Re1 0-0 10. Bf1 b5 11. exd5 cxd5 12. a4 b4 13. Na2 Nc6 14. Nc1 e5 15. dxe5 fxe5 16. Bc5 Re8 17. Nb3 Be6 18. a5 d4 19. Bb6 Qc8 20. Nc5 Bd5 21. Nd2 Nd6 22. Nde4 Nxe4 23. Nxe4 Rf8 24. Bd3 Nd8 25. Qd2 b3 26. cxb3 Ne6 27. Rac1 Qb7 28. b4 Rac8 29. Nd6 Rxc1 30. Nxb7 Rxe1+ 31. Qxe1 Bxb7 32. Be4 Bc8 33. Qf1 Kf7 34. b5 axb5 35. Qxb5 Ng5 36. Bd5+ Kf6 37. a6 Bxa6 38. Qxa6 Kf5 39. h4 1/2-1/2

[Event "ROM-ch (Women)"]
[Site "Targu Mures"]
[Date "2014.05.03"]
[Round "8"]
[White "Adoamnei, Roxana Antonela"]
[Black "Dobre, Ana Margareta Alexa"]
[Result "1/2-1/2"]
[WhiteElo "1987"]
[BlackElo "1922"]
[PlyCount "121"]
[EventDate "2014.04.26"]
[EventType "swiss"]
[EventRounds "9"]
[EventCountry "ROU"]
[SourceTitle "CBM 160 Extra"]
[Source "ChessBase"]
[SourceDate "2014.07.01"]
[SourceVersion "1"]
[SourceVersionDate "2014.07.01"]
[SourceQuality "1"]

1. d4 g6 2. c4 Bg7 3. e4 d6 4. Nc3 Nf6 5. h3 0-0 6. Bg5 c6 7. Qd2 e5 8. d5 Na6 9. Bd3 Nc5 10. Bb1 Qa5 11. Nge2 b5 12. dxc6 b4 13. Nd5 Nfxe4 14. Bxe4 Nxe4 15. Qe3 Nxg5 16. Qxg5 Be6 17. Qd2 Kh8 18. 0-0 Qc5 19. Rac1 a5 20. c7 Rac8 21. Rfd1 Qa7 22. Qe3 Qxe3 23. fxe3 Bh6 24. Kf2 f5 25. c5 dxc5 26. Rxc5 f4 27. exf4 exf4 28. Nb6 Rce8 29. Re5 f3 30. gxf3 Bg7 31. Rxe6 Rxe6 32. Rd8 Ree8 33. Rxe8 Rxe8 34. c8Q Rxc8 35. Nxc8 Bxb2 36. Nb6 Be5 37. Ke3 Kg7 38. Ke4 Bc7 39. Nd5 Bd6 40. Nb6 Bc7 41. Na4 Kh6 42. Nf4 Bd6 43. Ng2 Kg5 44. Kd5 Bc7 45. Kc6 Bd8 46. Kb5 Kf5 47. Nb6 Bxb6 48. Kxb6 a4 49. Ne3+ Ke5 50. Kc5 b3 51. a3 g5 52. Kb4 Kf4 53. Nd1 Kxf3 54. Kxa4 h5 55. Kxb3 g4 56. hxg4 hxg4 57. Nb2 Ke2 58. Kc2 g3 59. Nd3 Ke3 60. Ne1 Ke2 61. Ng2 1/2-1/2

[Event "ROM-ch (Women)"]
[Site "Targu Mures"]
[Date "2014.04.28"]
[Round "3"]
[White "Adoamnei, Roxana Antonela"]
[Black "Marin, Irina Luiza"]
[Result "1-0"]
[WhiteElo "1987"]
[BlackElo "2124"]
[PlyCount "69"]
[EventDate "2014.04.26"]
[EventType "swiss"]
[EventRounds "9"]
[EventCountry "ROU"]
[SourceTitle "CBM 160 Extra"]
[Source "ChessBase"]
[SourceDate "2014.07.01"]
[SourceVersion "1"]
[SourceVersionDate "2014.07.01"]
[SourceQuality "1"]

1. d4 Nf6 2. c4 c5 3. Nf3 cxd4 4. Nxd4 g6 5. Nc3 Bg7 6. e4 d6 7. Be2 0-0 8. 0-0 Nc6 9. Nc2 a6 10. Be3 Bd7 11. f3 Rb8 12. Qd2 Qa5 13. b4 Qh5 14. Rab1 b5 15. cxb5 axb5 16. a4 bxa4 17. b5 Na5 18. Nxa4 Bxb5 19. g4 Qe5 20. Bf4 Bxe2 21. Bxe5 Bxf1 22. Rxb8 Rxb8 23. Qxa5 Bd3 24. Nb4 Bc4 25. Nb6 Be6 26. Bd4 Bh6 27. Nc6 Re8 28. g5 Bg7 29. gxf6 exf6 30. Nd5 f5 31. Bxg7 Kxg7 32. Qc3+ Kh6 33. Nc7 Rc8 34. Nxe6 fxe6 35. Qd2+ 1-0

[Event "ROM-ch (Women)"]
[Site "Targu Mures"]
[Date "2014.04.27"]
[Round "2"]
[White "Mathe, Katalin"]
[Black "Adoamnei, Roxana Antonela"]
[Result "0-1"]
[WhiteElo "1979"]
[BlackElo "1987"]
[PlyCount "58"]
[EventDate "2014.04.26"]
[EventType "swiss"]
[EventRounds "9"]
[EventCountry "ROU"]
[SourceTitle "CBM 160 Extra"]
[Source "ChessBase"]
[SourceDate "2014.07.01"]
[SourceVersion "1"]
[SourceVersionDate "2014.07.01"]
[SourceQuality "1"]

1. Nf3 d5 2. g3 c5 3. Bg2 Nc6 4. d3 e5 5. Nbd2 Be6 6. c4 d4 7. 0-0 h6 8. a3 Nf6 9. b4 cxb4 10. axb4 Bxb4 11. Nxe5 0-0 12. Nxc6 bxc6 13. Bxc6 Bh3 14. Re1 Ng4 15. Bf3 Qe7 16. Qa4 Nxf2 17. Ne4 Nxe4 18. Bxe4 Bxe1 19. Ba3 Qg5 20. Rxe1 Qe3+ 21. Kh1 Qf2 22. Ra1 Rfe8 23. Qc6 Rac8 24. Qd5 Rcd8 25. Qc6 f5 26. Bd5+ Kh8 27. Bf3 Re3 28. Bb4 Rde8 29. Be1 Qf1# 0-1

[Event "Cap Aurora op"]
[Site "Cap Aurora"]
[Date "2013.06.23"]
[Round "2"]
[White "Adoamnei, Roxana Antonela"]
[Black "Carmaciu, Lucian Catalin"]
[Result "0-1"]
[WhiteElo "2008"]
[BlackElo "2416"]
[PlyCount "50"]
[EventDate "2013.06.22"]
[EventType "swiss"]
[EventRounds "9"]
[EventCountry "ROU"]
[SourceTitle "CBM 155 Extra"]
[Source "ChessBase"]
[SourceDate "2013.08.26"]
[SourceVersion "1"]
[SourceVersionDate "2013.08.26"]
[SourceQuality "1"]

1. d4 f5 2. e4 fxe4 3. Nc3 Nf6 4. Bg5 Nc6 5. Bxf6 exf6 6. d5 Ne5 7. Nxe4 f5 8. Nc3 Be7 9. f4 Ng4 10. Qd3 0-0 11. Nh3 Bc5 12. d6 Re8+ 13. Ne2 cxd6 14. 0-0-0 h6 15. Ng3 Ne3 16. Re1 Qa5 17. Qb3+ d5 18. Bd3 Re6 19. a4 a6 20. Re2 b5 21. Nxf5 bxa4 22. Qa2 Nxf5 23. Bxf5 Rxe2 24. Qxd5+ Kh8 25. Qxa8 Re1+ 0-1

[Event "ROM-ch"]
[Site "Sarata Monteoru"]
[Date "2012.02.21"]
[Round "11"]
[White "Adoamnei, Roxana Antonela"]
[Black "Voiteanu, Christian Gabriel"]
[Result "0-1"]
[WhiteElo "2005"]
[BlackElo "2304"]
[PlyCount "120"]
[EventDate "2012.02.13"]
[EventType "swiss"]
[EventRounds "11"]
[EventCountry "ROU"]
[SourceTitle "CBM 147 Extra"]
[Source "ChessBase"]
[SourceDate "2012.04.24"]
[SourceVersion "1"]
[SourceVersionDate "2012.04.24"]
[SourceQuality "1"]

1. d4 Nf6 2. Nf3 g6 3. e3 Bg7 4. Bd3 d5 5. Nbd2 c5 6. b3 Nc6 7. Bb2 cxd4 8. exd4 0-0 9. 0-0 Nb4 10. Be2 Bf5 11. c4 Rc8 12. Ne1 dxc4 13. Nxc4 Ne4 14. f3 Nd6 15. Qd2 Nd5 16. Kh1 h5 17. g3 Kh7 18. Ng2 Bh3 19. Rfe1 Nf5 20. Bd3 b5 21. Ne5 Bh6 22. f4 h4 23. Qf2 Nb4 24. Be4 hxg3 25. hxg3 Nd6 26. Bb1 Bf5 27. Ne3 Bxb1 28. Raxb1 Nf5 29. a3 Nxe3 30. axb4 Qd5+ 31. Qf3 Qxf3+ 32. Nxf3 Nd5 33. Rbc1 e6 34. Rc5 Nxb4 35. Rxb5 Nd3 36. Re2 Rb8 37. Ra5 Rxb3 38. Ba3 Ra8 39. Nd2 Rb7 40. d5 exd5 41. Rxd5 Nb2 42. Rh2 Nd1 43. Bc5 Re8 44. Nf3 Ne3 45. Rd3 Rb1+ 46. Ng1 Ng4 47. Bxa7 Nxh2 48. Kxh2 Rb2+ 49. Kh3 Ra2 50. Rd7 Kg8 51. Nf3 Bf8 52. Bd4 Raa8 53. Bf6 Re6 54. Be5 f6 55. Bd4 Re7 56. Rd5 Kf7 57. Rd6 Bg7 58. g4 Ra3 59. Kg2 Re2+ 60. Kg3 Rd2 0-1

[Event "ROM-ch"]
[Site "Sarata Monteoru"]
[Date "2012.02.18"]
[Round "8"]
[White "Adoamnei, Roxana Antonela"]
[Black "Mirauta, Stefano Marius"]
[Result "1/2-1/2"]
[WhiteElo "2005"]
[BlackElo "1823"]
[PlyCount "59"]
[EventDate "2012.02.13"]
[EventType "swiss"]
[EventRounds "11"]
[EventCountry "ROU"]
[SourceTitle "CBM 147 Extra"]
[Source "ChessBase"]
[SourceDate "2012.04.24"]
[SourceVersion "1"]
[SourceVersionDate "2012.04.24"]
[SourceQuality "1"]

1. d4 d5 2. Nf3 c5 3. e3 e6 4. b3 Nf6 5. Bb2 Be7 6. Nbd2 0-0 7. Bd3 b6 8. 0-0 Ba6 9. c4 Nc6 10. Rc1 Nb4 11. Bb1 Rc8 12. Ne5 Nc6 13. f4 dxc4 14. Nxc6 Rxc6 15. Nxc4 cxd4 16. exd4 Nd5 17. Qf3 Rc8 18. a3 b5 19. Ne5 b4 20. Rxc8 Qxc8 21. Rc1 Qb7 22. axb4 Bxb4 23. f5 Bd2 24. Rd1 Be3+ 25. Kh1 Qxb3 26. fxe6 fxe6 27. Bxh7+ Kxh7 28. Qh3+ Kg8 29. Qxe6+ Kh7 30. Qh3+ 1/2-1/2

[Event "ROM-ch"]
[Site "Sarata Monteoru"]
[Date "2012.02.15"]
[Round "3"]
[White "David, Bogdan Emanuel"]
[Black "Adoamnei, Roxana Antonela"]
[Result "1/2-1/2"]
[WhiteElo "1667"]
[BlackElo "2005"]
[PlyCount "110"]
[EventDate "2012.02.13"]
[EventType "swiss"]
[EventRounds "11"]
[EventCountry "ROU"]
[SourceTitle "CBM 147 Extra"]
[Source "ChessBase"]
[SourceDate "2012.04.24"]
[SourceVersion "1"]
[SourceVersionDate "2012.04.24"]
[SourceQuality "1"]

1. e4 c6 2. d4 d5 3. exd5 cxd5 4. Nc3 g6 5. Nf3 Nc6 6. Bb5 a6 7. Ba4 Bg4 8. Be3 e6 9. h3 Bxf3 10. Qxf3 Bg7 11. Bxc6+ bxc6 12. 0-0 Ne7 13. Rfe1 0-0 14. Rad1 Nf5 15. Na4 Qa5 16. b3 Nxd4 17. Bxd4 Bxd4 18. c3 Bg7 19. c4 dxc4 20. Qxc6 cxb3 21. axb3 Rac8 22. Qb6 Qxb6 23. Nxb6 Rc6 24. Nc4 Rb8 25. Re3 Rc5 26. Red3 Rd5 27. Rxd5 exd5 28. Rxd5 Rxb3 29. Rd8+ Bf8 30. Ra8 Rb1+ 31. Kh2 Ra1 32. Ne5 Kg7 33. Ra7 Bd6 34. f4 Bxe5 35. fxe5 Re1 36. Rxa6 Rxe5 37. Kg3 h5 38. Ra7 Re2 39. Kh4 Re4+ 40. Kg3 g5 41. Ra5 Kg6 42. Ra6+ f6 43. Kf3 Rf4+ 44. Ke3 h4 45. Rb6 Rf5 46. Rb4 Re5+ 47. Re4 Rxe4+ 48. Kxe4 f5+ 49. Ke5 f4 50. Ke4 Kf6 51. Kf3 Kf5 52. Kf2 g4 53. hxg4+ Kxg4 54. Kg1 Kg3 55. Kf1 h3 1/2-1/2

[Event "ROM-ch"]
[Site "Sarata Monteoru"]
[Date "2012.02.14"]
[Round "2"]
[White "Adoamnei, Roxana Antonela"]
[Black "Coman, Liviu"]
[Result "1/2-1/2"]
[WhiteElo "2005"]
[BlackElo "1794"]
[PlyCount "120"]
[EventDate "2012.02.13"]
[EventType "swiss"]
[EventRounds "11"]
[EventCountry "ROU"]
[SourceTitle "CBM 147 Extra"]
[Source "ChessBase"]
[SourceDate "2012.04.24"]
[SourceVersion "1"]
[SourceVersionDate "2012.04.24"]
[SourceQuality "1"]

1. d4 Nf6 2. Nf3 h6 3. e3 g5 4. Bd3 Bg7 5. b3 g4 6. Nh4 d5 7. Nd2 e5 8. Nf5 Bxf5 9. Bxf5 exd4 10. exd4 Qe7+ 11. Qe2 Qxe2+ 12. Kxe2 Nc6 13. c3 Ne7 14. Bd3 0-0-0 15. Ba3 Rde8 16. Rae1 Ng6+ 17. Kd1 Nf4 18. Bf5+ Kd8 19. g3 Nh3 20. Rhf1 Rxe1+ 21. Kxe1 Re8+ 22. Kd1 h5 23. f3 Ng5 24. fxg4 hxg4 25. Re1 Rxe1+ 26. Kxe1 Bh6 27. Ke2 b6 28. c4 Ne6 29. Bb2 c6 30. a4 Ng7 31. Bd3 Ne6 32. Nf1 Ke7 33. Ne3 Bxe3 34. Kxe3 Nh5 35. Bf5 Nf6 36. Ba3+ Kd7 37. h4 gxh3 38. Bxh3 Ne4 39. g4 N6g5 40. Bf1 Ke6 41. cxd5+ cxd5 42. Ba6 Nd6 43. Bb4 Nge4 44. Kf4 f6 45. Be1 Ng5 46. Be2 Nde4 47. a5 bxa5 48. Bxa5 Nd6 49. Bb4 Nge4 50. Ba6 Kd7 51. Bc5 Nxc5 52. dxc5 Ne4 53. b4 Kc6 54. Kf5 Nf2 55. Kxf6 Nxg4+ 56. Ke6 Ne3 57. Bd3 a5 58. bxa5 Kxc5 59. a6 Kb6 60. Kd6 Nc4+ 1/2-1/2

[Event "ROM-ch op"]
[Site "Sarata Monteoru"]
[Date "2011.02.19"]
[Round "10"]
[White "Adoamnei, Roxana Antonela"]
[Black "Gilea, Lucian"]
[Result "0-1"]
[WhiteElo "1983"]
[BlackElo "2285"]
[PlyCount "42"]
[EventDate "2011.02.12"]
[EventType "swiss"]
[EventRounds "11"]
[EventCountry "ROU"]
[SourceTitle "CBM 140 Extra"]
[Source "ChessBase"]
[SourceDate "2011.03.01"]
[SourceVersion "1"]
[SourceVersionDate "2011.03.01"]
[SourceQuality "1"]

1. d4 Nf6 2. Nf3 c5 3. c4 g6 4. Nc3 Bg7 5. e4 cxd4 6. Nxd4 d6 7. Be2 Nc6 8. Be3 0-0 9. f3 Bd7 10. Qd2 Qa5 11. 0-0 Rfc8 12. Rac1 a6 13. Rfd1 Rab8 14. Nb3 Qh5 15. Na4 Nd4 16. Nb6 Nxe4 17. Qe1 Be5 18. h3 Bxh3 19. Bxd4 Bxg2 20. fxe4 Qh2+ 21. Kf2 Bxe4+ 0-1

[Event "ROM-ch op"]
[Site "Sarata Monteoru"]
[Date "2011.02.15"]
[Round "5"]
[White "Miroiu, George Catalin"]
[Black "Adoamnei, Roxana Antonela"]
[Result "1-0"]
[WhiteElo "2277"]
[BlackElo "1983"]
[PlyCount "89"]
[EventDate "2011.02.12"]
[EventType "swiss"]
[EventRounds "11"]
[EventCountry "ROU"]
[SourceTitle "CBM 140 Extra"]
[Source "ChessBase"]
[SourceDate "2011.03.01"]
[SourceVersion "1"]
[SourceVersionDate "2011.03.01"]
[SourceQuality "1"]

1. d4 c5 2. d5 f5 3. g3 Nf6 4. Bg2 g6 5. c4 Bg7 6. Nc3 d6 7. Bf4 Nh5 8. Bg5 h6 9. Be3 Qb6 10. Qd2 Qb4 11. Nb5 Qxd2+ 12. Bxd2 Kd8 13. Bc3 Nf6 14. a4 a5 15. h4 b6 16. Nh3 Na6 17. Nf4 Nb4 18. Kd2 Rg8 19. Nxg6 Ng4 20. h5 Nxf2 21. Rhf1 Ne4+ 22. Bxe4 fxe4 23. Bxg7 e3+ 24. Kc3 Rxg7 25. Rf8+ Kd7 26. Raf1 Bb7 27. Rxa8 Bxa8 28. Rf8 Bxd5 29. cxd5 Nxd5+ 30. Kd3 Nf6 31. Rb8 Nxh5 32. Rb7+ Ke8 33. Nf4 c4+ 34. Kxc4 Rg4 35. Nc7+ Kf7 36. Ncd5 Nxg3 37. Rxe7+ Kf8 38. Rxe3 h5 39. Kb5 Nf5 40. Rc3 h4 41. Rc7 Ng7 42. Kxb6 h3 43. Nxh3 Rxa4 44. Ng5 Ne8 45. Rf7+ 1-0

[Event "Ploiesti Conpet op"]
[Site "Ploiesti"]
[Date "2010.10.31"]
[Round "8"]
[White "Adoamnei, Roxana Antonela"]
[Black "Turlea, Constantin"]
[Result "1-0"]
[WhiteElo "1959"]
[BlackElo "1989"]
[PlyCount "59"]
[EventDate "2010.10.23"]
[EventType "swiss"]
[EventRounds "9"]
[EventCountry "ROU"]
[SourceTitle "EXT 2012"]
[Source "ChessBase"]
[SourceDate "2011.11.24"]
[SourceVersion "1"]
[SourceVersionDate "2011.11.24"]
[SourceQuality "1"]

1. d4 Nf6 2. Nf3 e6 3. e3 c5 4. Bd3 d5 5. b3 Nc6 6. 0-0 Bd6 7. Bb2 0-0 8. Nbd2 Re8 9. Ne5 cxd4 10. exd4 Qc7 11. Re1 Nb4 12. Bb5 Bd7 13. Nxd7 Nxd7 14. c3 Bxh2+ 15. Kh1 Nc6 16. g3 Bxg3 17. fxg3 Qxg3 18. Nf1 Qh4+ 19. Nh2 Nf6 20. Qf3 e5 21. Rg1 Ne4 22. Raf1 f5 23. Bxc6 bxc6 24. dxe5 Nd2 25. Qf4 Qxf4 26. Rxf4 Ne4 27. Rxf5 Rad8 28. Ng4 h6 29. Nxh6+ Kh7 30. Nf7 1-0

[Event "Ploiesti Conpet op"]
[Site "Ploiesti"]
[Date "2010.10.30"]
[Round "6"]
[White "Anuta, Laurentiu"]
[Black "Adoamnei, Roxana Antonela"]
[Result "0-1"]
[WhiteElo "2034"]
[BlackElo "1959"]
[PlyCount "77"]
[EventDate "2010.10.23"]
[EventType "swiss"]
[EventRounds "9"]
[EventCountry "ROU"]
[SourceTitle "EXT 2012"]
[Source "ChessBase"]
[SourceDate "2011.11.24"]
[SourceVersion "1"]
[SourceVersionDate "2011.11.24"]
[SourceQuality "1"]

1. d4 d5 2. Nf3 Nf6 3. Bg5 Nbd7 4. e3 c6 5. c3 Qb6 6. Qc2 Ne4 7. Nbd2 f5 8. Bf4 Ndf6 9. Bd3 e6 10. Ng5 c5 11. Ngxe4 fxe4 12. Be2 Bd7 13. Be5 Bb5 14. Bxf6 Bxe2 15. Kxe2 gxf6 16. Qa4+ Qc6 17. Qxc6+ bxc6 18. dxc5 Bxc5 19. b4 Bd6 20. Nb3 Rg8 21. g3 Kd7 22. a3 h5 23. Rac1 Rgc8 24. f3 c5 25. Rhd1 c4 26. Nd4 exf3+ 27. Nxf3 f5 28. Nh4 a5 29. Nf3 axb4 30. axb4 Ra2+ 31. Rd2 Rca8 32. Rcc2 Ra1 33. Rd1 Ke7 34. Nd4 Kf6 35. Kd2 e5 36. Ne2 Bf8 37. Rxa1 Rxa1 38. Nc1 Bh6 39. Ke2 0-1

[Event "Ploiesti Conpet op"]
[Site "Ploiesti"]
[Date "2010.10.24"]
[Round "3"]
[White "Manole, Anghel"]
[Black "Adoamnei, Roxana Antonela"]
[Result "1/2-1/2"]
[WhiteElo "1655"]
[BlackElo "1959"]
[PlyCount "50"]
[EventDate "2010.10.23"]
[EventType "swiss"]
[EventRounds "9"]
[EventCountry "ROU"]
[SourceTitle "EXT 2012"]
[Source "ChessBase"]
[SourceDate "2011.11.24"]
[SourceVersion "1"]
[SourceVersionDate "2011.11.24"]
[SourceQuality "1"]

1. d4 c5 2. d5 e5 3. c4 d6 4. Nc3 Be7 5. e4 Nd7 6. Bd3 Nf8 7. Nge2 Ng6 8. 0-0 Nf6 9. f4 Bg4 10. f5 Bxe2 11. Bxe2 Nf8 12. Bd2 a6 13. a4 a5 14. Qc2 h5 15. Rf3 h4 16. Rh3 Rh7 17. g3 hxg3 18. Rxh7 N6xh7 19. hxg3 Bg5 20. Kg2 Bxd2 21. Qxd2 Qg5 22. Qxg5 Nxg5 23. Rh1 Ra6 24. b3 Ke7 25. Bd3 Nfh7 1/2-1/2

[Event "ROM-ch (Women)"]
[Site "Baile Olanesti"]
[Date "2010.02.03"]
[Round "5"]
[White "Adoamnei, Roxana Antonela"]
[Black "Moldovan, Petruta Alisia"]
[Result "1/2-1/2"]
[WhiteElo "2000"]
[BlackElo "1741"]
[PlyCount "61"]
[EventDate "2010.01.31"]
[EventType "swiss"]
[EventRounds "9"]
[EventCountry "ROU"]
[SourceTitle "CBM 134 Extra"]
[Source "ChessBase"]
[SourceDate "2010.03.03"]
[SourceVersion "1"]
[SourceVersionDate "2010.03.03"]
[SourceQuality "1"]

1. d4 d5 2. Nf3 Nf6 3. e3 e6 4. Bd3 c5 5. b3 b6 6. 0-0 Be7 7. Ne5 0-0 8. Nd2 Bb7 9. f4 Nc6 10. Nxc6 Bxc6 11. Bb2 b5 12. c4 bxc4 13. bxc4 Qd7 14. Nb3 dxc4 15. Bxc4 cxd4 16. Nxd4 Bd5 17. Bxd5 Qxd5 18. Nb3 Rfd8 19. Qe2 Qe4 20. Bxf6 Bxf6 21. Rad1 e5 22. fxe5 Qxe5 23. Rxd8+ Rxd8 24. e4 Re8 25. Rc1 h6 26. Rc4 Qb5 27. g3 Bd8 28. Kg2 Bb6 29. Qc2 Qd7 30. Nc5 Qe7 31. Nd3 1/2-1/2

[Event "ROM-ch (Women)"]
[Site "Eforie Nord"]
[Date "2009.02.06"]
[Round "6"]
[White "Cosman, Andreea Marioara"]
[Black "Adoamnei, Roxana Antonela"]
[Result "0-1"]
[WhiteElo "1435"]
[BlackElo "1992"]
[PlyCount "132"]
[EventDate "2009.01.31"]
[EventType "swiss"]
[EventRounds "9"]
[EventCountry "ROU"]
[SourceTitle "CBM 128 Extra"]
[Source "ChessBase"]
[SourceDate "2009.03.05"]
[SourceVersion "2"]
[SourceVersionDate "2009.03.25"]
[SourceQuality "1"]

1. e4 c5 2. Nc3 a6 3. g3 d6 4. Bg2 Nc6 5. d3 g6 6. Be3 Bg7 7. Nge2 e5 8. Qd2 Nd4 9. Rc1 Bg4 10. 0-0 Nf3+ 11. Bxf3 Bxf3 12. h3 h5 13. Kh2 Nh6 14. Qe1 g5 15. Rb1 a5 16. a3 Ng4+ 17. Kg1 Nxe3 18. fxe3 g4 19. h4 Rh6 20. Rd1 Ra6 21. Kh2 Rb6 22. b3 Rc6 23. Ng1 Bxd1 24. Qxd1 Rf6 25. Nd5 Rxf1 26. Qxf1 Qd7 27. Ne2 b5 28. Qf2 Qe6 29. Nec3 b4 30. axb4 cxb4 31. Na4 Qc8 32. Nab6 Rxc2 33. Nxc8 Rxf2+ 34. Kg1 Rb2 35. Nxd6+ Kf8 36. Nc4 Rxb3 37. Nxa5 Rxd3 38. Nxb4 Rxe3 39. Kf2 Rxe4 40. Nd3 Ra4 41. Nb3 Ra3 42. Nbc1 Rc3 43. Ke3 Bh6+ 44. Ke4 Bxc1 45. Nxc1 Rxc1 46. Kxe5 Rf1 47. Ke4 Rf3 48. Ke5 Kg7 49. Ke4 Kg6 50. Ke5 f5 51. Kd4 Rxg3 52. Ke5 Rf3 53. Kd4 g3 54. Kc5 Rd3 55. Kc4 Rd8 56. Kc5 g2 57. Kc6 g1Q 58. Kc7 Qd4 59. Kc6 Qc4+ 60. Kb7 Rc8 61. Kb6 Rb8+ 62. Ka7 Qb3 63. Ka6 f4 64. Ka5 f3 65. Ka6 f2 66. Ka5 Qb5# 0-1

[Event "ROM-ch (Women)"]
[Site "Eforie Nord"]
[Date "2009.02.02"]
[Round "3"]
[White "Baciu, Anca Otilia"]
[Black "Adoamnei, Roxana Antonela"]
[Result "1-0"]
[WhiteElo "2165"]
[BlackElo "1992"]
[PlyCount "59"]
[EventDate "2009.01.31"]
[EventType "swiss"]
[EventRounds "9"]
[EventCountry "ROU"]
[SourceTitle "CBM 128 Extra"]
[Source "ChessBase"]
[SourceDate "2009.03.05"]
[SourceVersion "2"]
[SourceVersionDate "2009.03.25"]
[SourceQuality "1"]

1. e4 c5 2. Nf3 Nc6 3. Bb5 a6 4. Bxc6 dxc6 5. 0-0 Qc7 6. d3 Bg4 7. Be3 e5 8. Nbd2 f6 9. a4 a5 10. h3 Bh5 11. c3 g5 12. d4 cxd4 13. cxd4 exd4 14. Bxd4 0-0-0 15. Qb3 Bb4 16. Rfd1 c5 17. Rac1 b6 18. Nc4 Kb7 19. e5 cxd4 20. Nxa5+ bxa5 21. Rxc7+ Kxc7 22. Qc4+ Kb7 23. Qb5+ Ka8 24. Qc6+ Kb8 25. e6 Bxf3 26. gxf3 Ne7 27. Qb6+ Kc8 28. Rc1+ Bc3 29. bxc3 d3 30. Rb1 1-0